| 000 | 00760cam a22002414i 4500 | ||
|---|---|---|---|
| 999 |
_c41007 _d41007 |
||
| 001 | 11955 | ||
| 003 | CO-MdFUSB | ||
| 005 | 20180901114641.0 | ||
| 008 | 180213s1980 [ ]||||| |||| 00| 0 eng d | ||
| 040 |
_aCO-MdFUSB _bspa _cCO-MdFUSB _dCO-MdFUSBC _erda |
||
| 041 | 0 | _aeng | |
| 082 | 0 | 4 |
_aG 226.8 _223 _bP3461i |
| 100 | 1 |
_aPayne, Philip Barton _eautor |
|
| 245 | 0 |
_aInterpreting Jesus' parables _c/ Philip Barton Payne |
|
| 264 | 1 |
_a[Lugar de publicación no identificada] : _b[editorial no identificada] _c[1980] |
|
| 300 |
_a351 páginas ; _c22 cm |
||
| 336 |
_2rdacontent _atexto _btxt |
||
| 337 |
_2rdamedia _asin mediación _bn |
||
| 338 |
_2rdacarrier _avolumen _bnc |
||
| 630 | 0 | 7 |
_aBiblia. _pNuevo Testamento |
| 653 | _aParábolas bíblicas | ||
| 942 | _cBK | ||